00477nam a2200157Ia 4500003000400000008004100004040001600045082001700061100003000078245009100108260004200199300001000241650001600251650002100267650003100288GCL140319s9999 xx 000 0 eng d aGCL / cGCL04a930.103bC V1 aCHEHABI, L'AMIR MOUSTAPHA10aVOCABULAIRE DES TERMES ARCHEOLOGIQUES: FRANCAIS - ARABIC / cCHEHABI, L'AMIR MOUSTAPHA a[S.N] : bLIBRAIRE DU LIBAN ، c1996 a202 P04aARCHAEOLOGY04aHISTORY, ANCIENT04aARCHAEOLOGY - DICTIONARIES